| 000 | 01894nam a2200229 a 4500 | ||
|---|---|---|---|
| 003 | PILC | ||
| 005 | 20250626131718.0 | ||
| 008 | 051107s1982 xx 00 eng d | ||
| 010 | _aAcc#21430 | ||
| 020 | _a0800616367 | ||
| 040 | _cPhilippine Baptist Theological Seminary | ||
| 050 |
_aBT 732 _bH349 1982 |
||
| 245 | 1 | 0 |
_aHealth/medicine and the faith traditions : _ban inquiry into religion and medicine / _cedited by Martin E. Marty and Kenneth L. Vaux. |
| 264 |
_aPhiladelphia, PA : _bFortress Press, _c©1982. |
||
| 300 | _axii, 350 p. ; 23 cm. | ||
| 500 | _aIncludes bibliographical references | ||
| 505 | _aForeword -- Introduction -- Part one: the sociocultural context -- 1. Tradition and the traditions in health/medicine and religion -- 2. The intertwining of religion and health/medicine in culture: a view through the disciplines -- Part two: the historical setting -- 3. Medicine and religion: Pre-Christian antiquity -- 4. Medicine and religion: early Christianity through the middle ages -- 5. Medicine and Christianity in the modern world -- Part three: A philosophical perspective -- 6. Understanding faith traditions in the context of health care: philosophy as a guide for the perplexed -- Part four: theological perspectives -- 7. Topics at the interface of medicine and theology -- 8. Theological foundations of medical ethics -- Part five: medical perspective s-- 9. Preventive medicine and religion: opportunities and obstacles -- 10. Religion and medicine: the physician's perspective -- Part six: Pastoral perspectives -- 11. Religion and medicine: the physician's perspective -- 12. The hospital chaplain between worlds | ||
| 650 |
_aMEDICINE AND CHRISTIANITY _xADDRESSES, ESSAYS, LECTURES |
||
| 650 |
_aPASTORAL MEDICINE _xADDRESSES, ESSAYS, LECTURES |
||
| 650 | 4 |
_aMEDICAL ETHICS _xADDRESSES, ESSAYS, LECTURES |
|
| 942 |
_cCB _2ddc |
||
| 999 |
_c8396 _d8396 |
||